Agroforestry in sustainable agricultural systems (Record no. 16852)

MARC details
000 -LEADER
fixed length control field 00416nam a22001577a 4500
003 - CONTROL NUMBER IDENTIFIER
control field OSt
005 - DATE AND TIME OF LATEST TRANSACTION
control field 20211105091508.0
008 - FIXED-LENGTH DATA ELEMENTS--GENERAL INFORMATION
fixed length control field 211105b |||||||| |||| 00| 0 eng d
020 ## - INTERNATIONAL STANDARD BOOK NUMBER
International Standard Book Number 1-56670-294-1
040 ## - CATALOGING SOURCE
Transcribing agency Hawassa University
050 ## - LIBRARY OF CONGRESS CALL NUMBER
Classification number 634.99/AGR
Item number 8
082 ## - DEWEY DECIMAL CLASSIFICATION NUMBER
Classification number 634.99/AGR
Item number 8
245 ## - TITLE STATEMENT
Title Agroforestry in sustainable agricultural systems
260 ## - PUBLICATION, DISTRIBUTION, ETC.
Place of publication, distribution, etc. London
Name of publisher, distributor, etc. CRC Press
Date of publication, distribution, etc. 1998
942 ## - ADDED ENTRY ELEMENTS (KOHA)
Source of classification or shelving scheme Dewey Decimal Classification
Koha item type Books like text book referance book
Suppress in OPAC No
Holdings
Withdrawn status Lost status Source of classification or shelving scheme Damaged status Not for loan Home library Current library Date acquired Total Checkouts Full call number Barcode Date last seen Copy number Price effective from Koha item type
    Dewey Decimal Classification     College of Agriculture Library College of Agriculture Library 11/05/2021   634.99/AGR ALIB0011845 11/05/2021 1 11/05/2021 Books like text book referance book
    Dewey Decimal Classification     College of Agriculture Library College of Agriculture Library 11/05/2021   634.99/AGR ALIB0011846 11/05/2021 2 11/05/2021 Books like text book referance book
    Dewey Decimal Classification     College of Agriculture Library College of Agriculture Library 11/05/2021   634.99/AGR ALIB0011847 11/05/2021 3 11/05/2021 Books like text book referance book
    Dewey Decimal Classification     College of Agriculture Library College of Agriculture Library 11/05/2021   634.99/AGR ALIB0011848 11/05/2021 4 11/05/2021 Books like text book referance book
    Dewey Decimal Classification     College of Agriculture Library College of Agriculture Library 11/05/2021   634.99/AGR ALIB0011849 11/05/2021 5 11/05/2021 Books like text book referance book
    Dewey Decimal Classification     College of Agriculture Library College of Agriculture Library 11/05/2021   634.99/AGR ALIB0011850 11/05/2021 6 11/05/2021 Books like text book referance book
    Dewey Decimal Classification     College of Agriculture Library College of Agriculture Library 11/05/2021   634.99/AGR ALIB0011851 11/05/2021 7 11/05/2021 Books like text book referance book
    Dewey Decimal Classification     College of Agriculture Library College of Agriculture Library 11/05/2021   634.99/AGR ALIB0011852 11/05/2021 8 11/05/2021 Books like text book referance book